000 01164nam a2200301Ia 4500
005 20220317001526.0
008 161108s2005 ck a g 000 f s
020 _a9786071633743
100 1 _aHowe, Deborah
_d1946-1978
245 1 0 _aBonícula
_buna historia de misterio conejil
_cDeborah y James Howe ; ilustrado por Francisco Nava Bouchaín ; traducción David Huerta
250 _a3a. edición
300 _a95 páginas
_bilustraciones en blanco y negro
_c19 cm
490 _aA la orilla del viento : para los que leen bien
650 1 4 _2LEMB
_aNovela infantil estadounidense
_ySiglo XX
650 1 4 _2LEMB
_aLiteratura infantil estadounidense
_ySiglo XX
650 1 4 _2LEMB
_aGatos en la literatura
650 1 4 _2LEMB
_aConejos en la literatura
700 1 _aHowe, James
_97801
700 1 _aHuerta, David
_etraductor
_974965
700 1 _aNava Bouchaín, Francisco
_eilustrador
_974966
942 _2loc
_cBKLIT
264 _aBogotá
_bFondo de Cultura Económica
_c[2005]
336 _atexto
_btxt
_2rdacontent
337 _asin mediación
_bn
_2rdamedia
338 _avolumen
_bnc
_2rdacarrier
040 _aCO-BoRNBP
_bspa
_erda
_cCO-BoRNBP
084 _aN HOW2
999 _c7244
_d7244